00473nam a2200169Ia 4500003000400000008004100004040001600045082002100061100001700082245009600099260002600195300001000221650001300231650002100244650001400265650002400279GCL140319s9999 xx 000 0 eng d aGCL / cGCL04aCHb372.218bS C1 aSAAD, ALBERT10aTHE CHILD EDUCATION PUBLICATIONS ENGLISH FOR BEGINNERS (TEXT BOOK LEVEL 2) / cSAAD, ALBERT a[S.N] : bNAHDAT MASR a446 P04aCHILDREN04aENGLISH LANGUAGE04aEDUCATION04aCHILDREN - LEARNING